Frankenstein : (Record no. 11164)
[ view plain ]
| 000 -LEADER | |
|---|---|
| fixed length control field | 01111cam a22003255a 4500 |
| 001 - CONTROL NUMBER | |
| control field | 13057781 |
| 003 - CONTROL NUMBER IDENTIFIER | |
| control field | LC |
| 005 - DATE AND TIME OF LATEST TRANSACTION | |
| control field | 20160223100739.0 |
| 008 - FIXED-LENGTH DATA ELEMENTS--GENERAL INFORMATION | |
| fixed length control field | 030115s2003 nyu 000 0 eng |
| 010 ## - LIBRARY OF CONGRESS CONTROL NUMBER | |
| LC control number | 2003100585 |
| 020 ## - INTERNATIONAL STANDARD BOOK NUMBER | |
| International Standard Book Number | 9780141024448 |
| 035 ## - SYSTEM CONTROL NUMBER | |
| System control number | (DLC) 2003100585 |
| 040 ## - CATALOGING SOURCE | |
| Original cataloging agency | DLC |
| Transcribing agency | DLC |
| Modifying agency | DLC |
| 042 ## - AUTHENTICATION CODE | |
| Authentication code | pcc |
| 050 ## - LIBRARY OF CONGRESS CALL NUMBER | |
| Classification number | PR 5397 |
| Item number | .Sh545 2006 |
| 082 ## - DEWEY DECIMAL CLASSIFICATION NUMBER | |
| Classification number | FIC |
| Item number | Sh3f 2006 |
| 100 1# - MAIN ENTRY--PERSONAL NAME | |
| Personal name | Shelley, Mary. |
| 9 (RLIN) | 4045 |
| 245 10 - TITLE STATEMENT | |
| Title | Frankenstein : |
| Statement of responsibility, etc | Mary Shelley |
| Remainder of title | or the modern prometheus |
| 260 ## - PUBLICATION, DISTRIBUTION, ETC. (IMPRINT) | |
| Place of publication, distribution, etc | New York : |
| Name of publisher, distributor, etc | Penguin books, |
| Date of publication, distribution, etc | c2006. |
| 263 ## - PROJECTED PUBLICATION DATE | |
| Projected publication date | 0304 |
| 300 ## - PHYSICAL DESCRIPTION | |
| Extent | 278 p. : |
| Dimensions | 18 cm. |
| 650 ## - SUBJECT ADDED ENTRY--TOPICAL TERM | |
| Topical term or geographic name as entry element | Frankenstein (Fictitious character). |
| 9 (RLIN) | 2808 |
| 856 42 - ELECTRONIC LOCATION AND ACCESS | |
| Materials specified | Publisher description |
| Uniform Resource Identifier | <a href="http://www.loc.gov/catdir/description/ste051/2003100585.html">http://www.loc.gov/catdir/description/ste051/2003100585.html</a> |
| 856 42 - ELECTRONIC LOCATION AND ACCESS | |
| Materials specified | Contributor biographical information |
| Uniform Resource Identifier | <a href="http://www.loc.gov/catdir/enhancements/fy0711/2003100585-b.html">http://www.loc.gov/catdir/enhancements/fy0711/2003100585-b.html</a> |
| 856 41 - ELECTRONIC LOCATION AND ACCESS | |
| Materials specified | Sample text |
| Uniform Resource Identifier | <a href="http://www.loc.gov/catdir/enhancements/fy0711/2003100585-s.html">http://www.loc.gov/catdir/enhancements/fy0711/2003100585-s.html</a> |
| 906 ## - LOCAL DATA ELEMENT F, LDF (RLIN) | |
| a | 0 |
| b | ibc |
| c | orignew |
| d | 2 |
| e | epcn |
| f | 20 |
| g | y-gencatlg |
| 942 ## - ADDED ENTRY ELEMENTS (KOHA) | |
| Source of classification or shelving scheme | Library of Congress Classification |
| Koha item type | Books |
| Withdrawn status | Lost status | Source of classification or shelving scheme | Damaged status | Home library | Current library | Shelving location | Date acquired | Total Checkouts | Full call number | Barcode | Date last seen | Date checked out | Copy number | Price effective from | Koha item type |
|---|---|---|---|---|---|---|---|---|---|---|---|---|---|---|---|
| Library of Congress Classification | Luxembourg Library | Luxembourg Library | Fiction Section | 09/13/2013 | 7 | PR 5397 .Sh545 2006 | 17386 | 09/20/2025 | 09/17/2025 | 1 | 09/13/2013 | Books |